Uhlie - významný zdroj energie v súčasnosti i budúcnosti

Tendencie dopytu a ponuky v energetike. Svetové zásoby uhlia. Krajiny s najväčšími zásobami uhlia. Medzinárodný obchod s uhlím. Ázijský trh ako najväčší uhoľný trh. Najväčší svetoví importéri uhlia. Svetový obchod s energetickým uhlím. Význam uhlia pre sektor energetiky.

Guardado en:
Detalles Bibliográficos
Autor principal: Pullmanová, Terézia, 1953-
Otros Autores: Svobodová, Valéria
Formato: Capítulo de libro
Lenguaje:eslovaco
Materias:
Etiquetas: Agregar Etiqueta
Sin Etiquetas, Sea el primero en etiquetar este registro!

MARC

LEADER 00000naa$a2200000$$$4500
001 0148801
005 20240530071618.1
041 0 |a slo 
044 |a SK 
245 1 0 |a Uhlie - významný zdroj energie v súčasnosti i budúcnosti  |c Terézia Pullmanová, Valéria Svobodová 
520 |a Tendencie dopytu a ponuky v energetike. Svetové zásoby uhlia. Krajiny s najväčšími zásobami uhlia. Medzinárodný obchod s uhlím. Ázijský trh ako najväčší uhoľný trh. Najväčší svetoví importéri uhlia. Svetový obchod s energetickým uhlím. Význam uhlia pre sektor energetiky. 
610 2 0 |a uhlie 
610 2 0 |a energetika 
610 2 0 |a zdroje energetické 
610 2 0 |a obchod zahraničný 
610 2 0 |a vývoz 
610 2 0 |a dovoz 
610 2 0 |a svet 
100 1 |a Pullmanová, Terézia, 1953- 
700 1 |a Svobodová, Valéria